LEADER 01056nam a2200265 i 4500 001 000000069972 003 CaOOAMICUS 005 20071210000000.0 008 071210s1986 it u000 u ita u 013 $a41144 020 $a88-16-50029-8 040 $aSeMil$bita 100 1 $aEliade, Mircea,$d<1907-1986>.$0(OLS)http://semarc/name/3480 245 13$aLa foresta proibita :$bromanzo /$cMircea Eliade ; con una prefazione di Silvia Tomasi. 260 $aMilano :$bJaca Book,$c1986. 300 $a587 p. ;$c21 cm. 490 0 $aJaca Letteraria ;$v29 700 1 $aTomasi, Silvia.$0(OLS)http://semarc/name/34872 830 0$aJaca Letteraria ;$v29.$0(OLS)http://semarc/title/13515 850 $aSeMil 852 $aSeMil$W1$xVenegono$y1$m1U V 98$j237184$B36125$CSeMilBibl$Z2$F36128 $81 961 $aOmaggio: Ciprandi dott. Paolo 996 $6020$a88-16-50029-8$9(OLS)http://semarc/number/48643 996 $6245$aLa foresta proibita :$bromanzo$9(OLS)http://semarc/title/112217 996 $6260$aMilano :$bJaca Book$9(OLS)http://semarc/publisher/29781 LEADER 01035nam a2200265 i 4500 001 000000125606 003 CaOOAMICUS 005 20260407123327.0 008 051109s1963 it u000 u ita u 013 $a98307 040 $aSeMil$bita 100 1 $aTrompeo, Pietro Paolo,$d<1886-1958>.$0(OLS)http://semarc/name/6352 245 10$aIncontri di Stendhal /$cP.P. Trompeo. 260 $aNapoli :$bEdizioni Scientifiche Italiane,$cstampa 1963. 300 $a305 p. ;$c22 cm. 490 0 $aCollana di saggi ;$v22. 600 04$aStendhal .$0(OLS)http://semarc/subject/15123 830 0$aCollana di saggi ;$v22.$0(OLS)http://semarc/title/13197 850 $aSeMil 852 $aSeMil$W1$xVenegono$y1$m1W IV 298$j80030$B80030$CSeMilBibl$Z2$F105422 $81 941 1 $a1 961 $aOmaggio: Ciprandi dott. Paolo 996 $6245$aIncontri di Stendhal$9(OLS)http://semarc/title/184982 996 $6260$aNapoli :$bEdizioni Scientifiche Italiane$9(OLS)http://semarc/publisher/30654